Reflexivilidad y contexto en el quehacer antropológico /
Guardado en:
| Hovedforfatter: | |
|---|---|
| Andre forfattere: | , |
| Format: | Texto |
| Fag: | |
| Tags: |
Tilføj Tag
Ingen Tags, Vær først til at tagge denne postø!
|
MARC
| LEADER | 00000 a a2200000 04500 | ||
|---|---|---|---|
| 001 | 14364 | ||
| 003 | |||
| 040 | |||
| 100 | |a Durán, Teresa | ||
| 245 | |a Reflexivilidad y contexto en el quehacer antropológico / |c Teresa Durán ; Noelia Carrasco ; Marcelo Berhó | ||
| 650 | |a ANTROPOLGIA | ||
| 650 | |a ETNOGRAFIA | ||
| 650 | |a INVESTIGACION SOCIAL | ||
| 700 | |a Carrasco, Noelia | ||
| 700 | |a Berhó, Marcelo | ||
| 773 | |g volumen 9, número 1; páginas 25-36 | ||
| 999 | |c 33454 |d 33454 | ||
